000 00433nam a2200169Ia 4500
005 20251020182609.0
008 200515s9999 xx 000 0 und d
082 _aSC/621.911/918/E24/1
110 _aCEAC
245 0 _aTecnología del taller mecánico 1: Montaje, Ajuste, Soldadura, Forja, Plancha
260 _aBarcelona
260 _c1972
650 _aMECANICA
650 _aSOLDADURA
650 _aTECNOLOGIA
942 _cLIB
999 _c3298
_d3298